Fragments from the Work of the Hungarian Ministry of Justice during the World Wars

Elmentve itt :
Bibliográfiai részletek
Szerző: Antal Tamás
Dokumentumtípus: Cikk
Megjelent: 2021
Sorozat:JOGTÖRTÉNETI SZEMLE 19 No. Special issue
Tárgyszavak:
mtmt:32661074
Online Access:http://publicatio.bibl.u-szeged.hu/25575
LEADER 00669nab a2200193 i 4500
001 publ25575
005 20221118085710.0
008 221118s2021 hu o 0|| Angol d
022 |a 0237-7284 
024 7 |a 32661074  |2 mtmt 
040 |a SZTE Publicatio Repozitórium  |b hun 
041 |a Angol 
100 1 |a Antal Tamás 
245 1 0 |a Fragments from the Work of the Hungarian Ministry of Justice during the World Wars  |h [elektronikus dokumentum] /  |c  Antal Tamás 
260 |c 2021 
300 |a 1-8 
490 0 |a JOGTÖRTÉNETI SZEMLE  |v 19 No. Special issue 
650 4 |a Jogtudomány 
856 4 0 |u http://publicatio.bibl.u-szeged.hu/25575/3/32661074_publikacio.pdf  |z Dokumentum-elérés